| 000 | 01005nam a2200289 i 4500 | ||
|---|---|---|---|
| 001 | 000012298 | ||
| 003 | DO-SdBNP | ||
| 005 | 20250423102447.0 | ||
| 007 | ta | ||
| 008 | 091111s2005 dr 000 0 spa d | ||
| 020 | _a9993422657 | ||
| 040 |
_aDO-SdBNP _bspa _cBNPHU _erda |
||
| 082 | 4 |
_a362.1969792 _bE77d _222 |
|
| 100 | 1 |
_aEspinal Sepúlveda, Víctor Julio, _d1968- _eautor _4aut. _928957 |
|
| 245 | 1 | 0 |
_aYo soy el SIDA : _bdiálogo indiscreto / _cVíctor Espinal. |
| 264 | 1 |
_aSanto Domingo : _bEl Nuevo Diario, _c2005. |
|
| 300 |
_a72 páginas ; _c21 cm. |
||
| 336 |
_atexto _btxt _2rdacontent |
||
| 337 |
_asin mediación _bn _2rdamedia |
||
| 338 |
_avolumen _bnc _2rdacarrier |
||
| 590 | _aInventariado, 2018/ YL | ||
| 650 | 0 |
_aSIDA (Enfermedad) _xAspectos sociales _952709 |
|
| 650 | 4 |
_aSíndrome de inmunodeficiencia adquirida _xPrevención y control _928959 |
|
| 650 | 4 |
_aEnfermedades transmisibles _xPrevención y control _96992 |
|
| 910 | _aValidado. Control de calidad EMS | ||
| 942 |
_2ddc _cLBS1 |
||
| 999 |
_c11955 _d11955 |
||